| 000 | 00909cam a22002291 4500 | ||
|---|---|---|---|
| 001 | ca 27000535 | ||
| 003 | DLC | ||
| 005 | 20260227111119.0 | ||
| 008 | 800812s1893 nyuaf 000 0 eng | ||
| 010 | _aca 27000535 | ||
| 035 | _a(OCoLC)6610657 | ||
| 040 |
_aDLC _cN _dOCoLC _dDLC |
||
| 042 | _apremarc | ||
| 050 | 0 | 0 |
_aDT62.O2 _bJ8 |
| 100 | 1 |
_aJulien, Alexis A. _q(Alexis Anastay), _d1840-1919. |
|
| 245 | 1 | 0 |
_aNotes of research on the New York obelisk, _cby Alexis A. Julien. |
| 260 |
_a[New York, _cpref. 1893] |
||
| 300 |
_a2 p. l., [1], 66-137, [93]-166 p. _billus., pl. _c25 cm. |
||
| 500 | _aIllustrated t.-p. | ||
| 505 | 0 | _aThe misfortunes of an obelisk. Reprint from the Bulletin of the American Geographical Society for March, 1893.--A study of the New York obelisk as a decayed boulder. [Reprint from the Annals of the New York Academy of Sciences, vol. VIII, June, 1893] | |
| 650 | 0 | _aObelisks. | |
| 999 |
_c16311 _d16311 |
||